<?xml version="1.0" encoding="UTF-8"?>
<collection xmlns="http://www.loc.gov/MARC21/slim">
 <record>
  <leader>00745pamaa2200229   4500</leader>
  <controlfield tag="001">0000047724</controlfield>
  <controlfield tag="005">20121210090000.0</controlfield>
  <controlfield tag="008">100818s2011                             eng  </controlfield>
  <datafield tag="020" ind1="0" ind2="0">
   <subfield code="a">9780071222068 / 9780071327640 / 0071327649 (pbk) </subfield>
  </datafield>
  <datafield tag="082" ind1=" " ind2=" ">
   <subfield code="a">570 BIO 2011</subfield>
  </datafield>
  <datafield tag="090" ind1="0" ind2="0">
   <subfield code="a">QH308.2 </subfield>
   <subfield code="b">BIO 2011</subfield>
  </datafield>
  <datafield tag="245" ind1="1" ind2="0">
   <subfield code="a">Biology  </subfield>
   <subfield code="c">Peter H. Raven ... [et al.].</subfield>
  </datafield>
  <datafield tag="250" ind1="0" ind2="0">
   <subfield code="a">9th ed.</subfield>
  </datafield>
  <datafield tag="260" ind1="0" ind2="0">
   <subfield code="a">Boston: </subfield>
   <subfield code="b">McGraw-Hill Higher Education, </subfield>
   <subfield code="c">2011.</subfield>
  </datafield>
  <datafield tag="300" ind1=" " ind2=" ">
   <subfield code="a">xvi, 1279p.(A-34, G-24, C-6, I-33): </subfield>
   <subfield code="b">ill. (chiefly col.), col.; </subfield>
   <subfield code="c">28 cm.</subfield>
  </datafield>
  <datafield tag="501" ind1="0" ind2="0">
   <subfield code="a">DSCAU</subfield>
  </datafield>
  <datafield tag="650" ind1="0" ind2="0">
   <subfield code="a">Biology -- </subfield>
   <subfield code="x">Textbooks </subfield>
  </datafield>
  <datafield tag="700" ind1="1" ind2="1">
   <subfield code="a">Losos, </subfield>
   <subfield code="h">Jonathan B. </subfield>
  </datafield>
  <datafield tag="700" ind1="1" ind2="1">
   <subfield code="a">Singer, </subfield>
   <subfield code="h">Susan R. </subfield>
  </datafield>
  <datafield tag="700" ind1="1" ind2="1">
   <subfield code="a">Johnson, </subfield>
   <subfield code="h">George B. </subfield>
  </datafield>
  <datafield tag="700" ind1="1" ind2="1">
   <subfield code="a">Raven, </subfield>
   <subfield code="h">Peter H. </subfield>
  </datafield>
  <datafield tag="901" ind1=" " ind2=" ">
   <subfield code="u">http://www.mhhe.com</subfield>
  </datafield>
 </record>
</collection>
